000 00519nam a2200181Ia 4500
008 240729s9999 xx 000 0 und d
022 _a2624-909X
245 0 _aFrontiers in Big Data
260 _aSwitzerland
260 _bFrontiers Media S.A.
650 _a Industrial engineering. Management engineering
650 _a Information technology
650 _a Technology (General)
650 _aTechnology
856 _uhttps://doaj.org/toc/aae222c7795445fdbdc7da91ef6357e6
942 _2ddc
942 _cDOAJEJ
999 _c72454
_d72454
945 _a1
_bMadushi Gamage
_c1
_dMadushi Gamage